| 000 | 00523nam a22001817a 4500 | ||
|---|---|---|---|
| 005 | 20151014114913.0 | ||
| 010 | _aENG-113704 | ||
| 020 |
_a9788189430153 _c150.00 |
||
| 035 | _aEN-97236 | ||
| 037 | _bDBAD/PUB | ||
| 082 | _a204.4 | ||
| 100 | _aKriyananda, Swami | ||
| 245 |
_aAffirmations for self healing / _cby Swami Kriyananda |
||
| 260 |
_aGurgaon _bAnanda Sangha Publications _c2014 |
||
| 270 |
_aB-108 DLF Phase I _bGurgaon _e122002 |
||
| 300 |
_a125p. _c20cm(pbk) |
||
| 942 |
_2ddc _cEN _mKRI _h204.4 |
||
| 999 |
_c95224 _d95224 |
||